| 000 | 00930nam a2200181 a 4500 | ||
|---|---|---|---|
| 008 | 200115s2019 ||||||||||||||||| || u | ||
| 020 | _a9789211171877 | ||
| 050 | _aUNECE(02)2019/1 | ||
| 110 | _aUnited Nations Economic Commission for Europe (UNECE) | ||
| 245 | 1 | 0 |
_aEuro-Asian transport linkages: operationalisation of inland transport between Europe and Asian _cUnited nation economic commission for Europe [UNECE] |
| 260 |
_aNew York: _bUnited Nations Economic Commission for Europe (UNECE) _c2019 |
||
| 300 | _axi, 287 pages.: illustrations | ||
| 650 | 0 | _aFREIGHT AND FREIGHTAGE--EUROPE | |
| 650 | 0 | _aTRANSPORTATION CORRIDORS--EUROPE | |
| 650 | 0 | _aFREIGHT AND FREIGHTAGE--ASIA | |
| 650 | 0 | _aTRANSPORTATION CORRIDORS--ASIA | |
| 995 |
_FCBU-MAIN LIBRARY (Kitwe) _M1 _UAVAILABLE _WJan 15, 2020 _XUnited Nations Economic Commission for Europe _ZMain Library Open Access Collection |
||
| 999 |
_c42555 _d42555 |
||